<?xml version="1.0" encoding="UTF-8"?>
<collection xmlns="http://www.loc.gov/MARC21/slim">
  <record>
    <leader>00000nam  2200000   4500</leader>
    <controlfield tag="001">INLIS000000000810560</controlfield>
    <controlfield tag="005">20260512010006</controlfield>
    <datafield tag="035" ind1="#" ind2="#">
      <subfield code="a">0010-0526000014</subfield>
    </datafield>
    <controlfield tag="007">ta</controlfield>
    <controlfield tag="008">260512###########################0#ara##</controlfield>
    <datafield tag="020" ind1="#" ind2="#">
      <subfield code="a">9786030112203</subfield>
    </datafield>
    <datafield tag="082" ind1="#" ind2="#">
      <subfield code="a">297.1226</subfield>
    </datafield>
    <datafield tag="084" ind1="#" ind2="#">
      <subfield code="a">297.1226 SAL a</subfield>
    </datafield>
    <datafield tag="100" ind1=" " ind2="#">
      <subfield code="a">Salma bint Muhammad bin Shalih Husawi</subfield>
    </datafield>
    <datafield tag="245" ind1="1" ind2="#">
      <subfield code="a">Muktashor Fi Ilmi Tajwid</subfield>
    </datafield>
    <datafield tag="260" ind1="#" ind2="#">
      <subfield code="a">Riyadh, Arab Saudi :</subfield>
      <subfield code="b">Dar al Tadmuriyah</subfield>
    </datafield>
    <datafield tag="300" ind1="#" ind2="#">
      <subfield code="a">95 hlm ;</subfield>
      <subfield code="c">16 cm</subfield>
    </datafield>
  </record>
</collection>
